00533 2200181 4500001002100000008004100021035002000062245010600082100004300188250000600231260004200237300001200279084001400291082000800305650001400313990001200327990001200339INLIS000000000000619 ind  a0010-0424000595 aKumpulan Soal dan Pembahasan Olimpiade Sains Kebumian Jilid 3cLembaga Olimpiade Pendidikan Indonesia aLembaga Olimpiade Pendidikan Indonesia a1 aJakarta :bBina Prestasi Insanic2014 a134 hlm a900 LEM k a900 aNon Fiksi a0722426 a0722427